Տրոպիկական պարազիտոլոգիայի կենսաբանական հիմունքների համառոտ ձեռնարկ : (Record no. 91020)
[ view plain ]
| 000 -LEADER | |
|---|---|
| fixed length control field | 01044nam a2200205 u 4500 |
| 001 - CONTROL NUMBER | |
| control field | 000253392 |
| 003 - CONTROL NUMBER IDENTIFIER | |
| control field | AM-YeHGA |
| 005 - DATE AND TIME OF LATEST TRANSACTION | |
| control field | 20250618071712.0 |
| 008 - FIXED-LENGTH DATA ELEMENTS--GENERAL INFORMATION | |
| fixed length control field | 030811s1989 ai r 000 0 arm d |
| 040 ## - CATALOGING SOURCE | |
| Original cataloging agency | AM-YeHGA |
| 090 ## - LOCALLY ASSIGNED LC-TYPE CALL NUMBER (OCLC); LOCAL CALL NUMBER (RLIN) | |
| -- | 92315 |
| 100 1# - MAIN ENTRY--PERSONAL NAME | |
| Personal name | Ենգիբարյան, Ազատ Ադիբեկի, |
| Dates associated with a name | 1942- |
| 9 (RLIN) | 9527 |
| 245 10 - TITLE STATEMENT | |
| Title | Տրոպիկական պարազիտոլոգիայի կենսաբանական հիմունքների համառոտ ձեռնարկ : |
| Remainder of title | (Սփյուռքահայ ուսանողների համար) / |
| Statement of responsibility, etc. | Ա.Ա. Ենգիբարյան; Մասնագիտ. խմբ.՝ Ս.Հ. Սիսակյան; ՀԽՍՀ առողջապահության մին-թյուն. ԵՊԲԻ. |
| 260 ## - PUBLICATION, DISTRIBUTION, ETC. | |
| Place of publication, distribution, etc. | Երևան :, |
| Date of publication, distribution, etc. | 1989. |
| 300 ## - PHYSICAL DESCRIPTION | |
| Extent | 70 էջ : |
| Other physical details | [12] թ. նկ. |
| 504 ## - BIBLIOGRAPHY, ETC. NOTE | |
| Bibliography, etc. note | Մատենագիտ. էջ՝ 68 |
| 650 14 - SUBJECT ADDED ENTRY--TOPICAL TERM | |
| Topical term or geographic name entry element | Պարազիտային հիվանդություններ |
| General subdivision | Կենսաբանական հիմունքներ |
| 700 1# - ADDED ENTRY--PERSONAL NAME | |
| Personal name | Սիսակյան, Ս.Հ. |
| Relator term | խմբ. |
| Relationship | edt |
| 710 2# - ADDED ENTRY--CORPORATE NAME | |
| Corporate name or jurisdiction name as entry element | Երևանի պետական բժշկական ինստիտուտ |
| Withdrawn status | Lost status | Damaged status | Not for loan | Collection | Home library | Current library | Date acquired | Total checkouts | Full call number | Barcode | Date last seen | Price effective from | Koha item type | Public note |
|---|---|---|---|---|---|---|---|---|---|---|---|---|---|---|
| General | Fundamental Scientific Library | Fundamental Scientific Library | 22/12/2016 | 616.9(075.8) | 220079655 | 22/12/2016 | 22/12/2016 | Գրքեր / Books | 30 Days Loan | |||||
| General | Fundamental Scientific Library | Fundamental Scientific Library | 22/12/2016 | 616.9(075.8) | 220080852 | 22/12/2016 | 22/12/2016 | Գրքեր / Books | 30 Days Loan |
ՀՀ Գիտությունների ազգային ակադեմիայի հիմնարար գիտական գրադարան = Fundamental Scientific Library of NAS RA
All site content, except where otherwise noted, is licensed under a